000
00326nam a2200121Ia 4500
008
220204s9999 xx 000 0 und d
082
_a
347(083.73)
_b
COD
100
_a
JAGDISH LAL
245
0
_a
Code of civil procedure, 1908(Act no 5 of 1908)
260
_a
Allahabad
_b
Law
_c
1976
650
_a
Civil procedure code
942
_c
BK
999
_c
24683
_d
24683